[Event "Open13 06/07"]
[Site "?"]
[Date "2007.05.05"]
[Round "9"]
[White "Estevez, Ange"]
[Black "Madranges, Jean"]
[Result "0-1"]
[WhiteElo "1780"]
[BlackElo "1910"]
[PlyCount "98"]
[EventDate "2007.??.??"]

1. e4 e6 2. d4 d5 3. Nd2 Nf6 4. e5 Nfd7 5. Bd3 c5 6. c3 b6 7. Ne2 Ba6 8. Bxa6
Nxa6 9. Nf3 Be7 10. O-O Nc7 11. Re1 c4 12. Bf4 b5 13. a4 b4 14. cxb4 Bxb4 15.
Nc3 h6 16. Bg3 Qe7 17. Re3 g5 18. Nb5 Nxb5 19. axb5 Nb6 20. Ra6 Qd7 21. Qa1 O-O
22. h4 g4 23. Nh2 h5 24. Re2 (24. f3 $5 gxf3 25. Rxf3 Qxb5 26. Bf4 Kh7 27. Bg5
$14) 24... f5 $4 (24... Qxb5 25. Qc1 Be7 $15) 25. exf6 Bd6 26. Qc1 Bxg3 27.
Qg5+ Kh8 28. Qxh5+ Qh7 29. Qxh7+ Kxh7 30. fxg3 Rxf6 31. Nxg4 Rg6 32. Ne5 Rxg3
33. Rf2 Rb3 34. Rf7+ Kg8 {les blancs ont une position écrasante !} 35. Rf2 $6 (
35. h5 $1 $18 {les noirs sont cuits !} Rxb2 $4 36. h6 {suivi de Ph7 et Ng6 mat}
) 35... Rxb5 36. g4 Rf8 37. Rxf8+ $2 (37. Rd2 Rb3 38. h5 c3 39. bxc3 Rxc3 $16)
37... Kxf8 38. Ra2 $2 {encore passif !} (38. h5 Rxb2 39. h6 Rb1+ 40. Kh2 Rb2+
41. Kg3 Rb3+ 42. Kh4 Rb2 $18) 38... Rb4 39. Rxa7 Rxb2 40. h5 c3 41. Rc7 $2 (41.
Rf7+ Ke8 (41... Kg8 $4 42. h6 c2 43. h7+ Kh8 44. Ng6#) 42. Rf1 c2 43. h6 Rb1
44. Nd3 Rxf1+ 45. Kxf1 Kf7 46. g5 Kg6 47. Ke2 Nc4 48. Nc1 Nd6 49. Kd2 Ne4+ 50.
Kxc2 Nxg5 51. Kd2 $17) 41... Nc4 42. Nxc4 $2 {
après une série d'erreurs, les noirs sont maintenant gagnants} (42. h6 $1 c2
43. Nd3 Rb1+ 44. Kh2 Kg8 45. g5 c1=Q 46. Nxc1 Rxc1 47. g6 Rc2+ 48. Kh3 Ne3 49.
Re7 Rc8 50. h7+ Kh8 51. Rxe6 Nc2 52. Rd6 $14) 42... dxc4 43. Rxc4 c2 44. Rc8+
Kg7 45. Rc7+ Kh6 46. d5 exd5 47. Rc6+ Kg5 48. h6 Rb1+ 49. Kf2 c1=Q 0-1

[Event "Open13 06/07"]
[Site "?"]
[Date "2007.05.05"]
[Round "9"]
[White "Torelli, Roger"]
[Black "Wallet, Patrick"]
[Result "1-0"]
[WhiteElo "1780"]
[BlackElo "1830"]
[PlyCount "101"]
[EventDate "2007.??.??"]

1. e4 c5 2. d4 cxd4 3. c3 dxc3 4. Nxc3 Nc6 5. Nf3 d6 6. Bc4 e6 7. O-O Be7 8.
Qe2 Nf6 9. Rd1 e5 10. a3 a6 11. Be3 O-O 12. b4 b5 13. Bd5 Qe8 14. Rac1 Nxd5 15.
Nxd5 Be6 $4 (15... Bd8 $14) 16. Rxc6 $1 Bxd5 17. exd5 f5 18. Bg5 e4 19. Bxe7
Qxe7 20. Rdc1 (20. Nd4 Qe5 21. Ne6 $18 {semble encore plus simple}) 20... Qf7
21. Ng5 Qxd5 22. R6c3 (22. Qc2 $18) 22... h6 23. Nh3 Qe5 24. g3 Rfd8 25. Qh5
Qe6 26. Rc7 e3 27. fxe3 Qxe3+ 28. Kg2 Qd2+ 29. Kg1 Qd4+ 30. Nf2 Rf8 31. Re7
Rac8 32. Rxc8 Rxc8 33. Qf7+ Kh8 34. Qxf5 Rd8 35. Kg2 Qf6 36. Qxf6 gxf6 37. Ra7
d5 38. Rxa6 Kg7 39. Rb6 Ra8 40. Rxb5 d4 41. Ra5 Rc8 42. Ra7+ Kg6 43. Rd7 Ra8
44. Rxd4 Rxa3 45. h3 Rb3 46. Nd3 Kf7 47. Kf3 h5 48. Ke3 Ke6 49. Rh4 Kd5 50.
Rxh5+ Kc4 {avec mat en 1, mais ça abrège les souffrances !} 51. Rc5# 1-0